Datum a čas kvízu
20
Celkem bodů
Celkový počet nahraných bodů na tomto kvízu bez doplňovacích otázek.
9.
Pořadí na kvízu
Konečné umístění týmu na tomto kvízu.
Zaznamenané odpovědi
| # | Otázka | Odpověď | Body | Výsledky |
|---|---|---|---|---|
| 1. | Čeští senátoři zvolili ve stře... | 1 | ||
| 2. | Za přísných bezpečnostních opa... | 0 | ||
| 3. | Nejstreamovanější kapela roku... | 1 | ||
| 4. | Další výrobce luxusních vozů o... | 0 | ||
| 5. | Minulý týden probíhal v Londýn... | 1 | ||
| 5. | Jak se jmenuje vítězka páté řa... | 1 | ||
| 5. | Jak zní křestní jméno italskéh... | 0 | ||
| 8. | Dvojnásobná olympijská vítězka... | 0 | ||
| 5. | Jak se jmenuje značka, s níž j... | 0 | ||
| 10. | Přiřaďte jména známých osobnos... | 0 |